Understanding machine learning: From theory to algorithms (Record no. 5463)
[ view plain ]
| 000 -LEADER | |
|---|---|
| fixed length control field | 00501nam a2200169Ia 4500 |
| 008 - FIXED-LENGTH DATA ELEMENTS--GENERAL INFORMATION | |
| fixed length control field | 230917s9999||||xx |||||||||||||| ||und|| |
| 020 ## - ISBN | |
| Price | RS 1095.00 |
| 040 ## - CATALOGING SOURCE | |
| -- | 5015426 |
| Original cataloging agency | VIVEKANANDA LIBRARY |
| 041 ## - Language | |
| -- | English |
| 082 ## - DDC NUMBER | |
| Classification number | 006.31 S16U |
| 100 ## - MAIN ENTRY--PERSONAL NAME | |
| Personal name | Shalev-Shwartz, Shai |
| 245 #0 - TITLE STATEMENT | |
| Title | Understanding machine learning: From theory to algorithms |
| 260 ## - PUBLICATION, DISTRIBUTION, ETC. (IMPRINT) | |
| Place of publication, distribution, etc | New Delhi |
| Name of publisher, distributor, etc | Cambridge University Press |
| Date of publication, distribution, etc | 2021 |
| 300 ## - PHYSICAL DESCRIPTION | |
| Pages | xiii, 397 p. |
| 500 ## - GENERAL NOTE | |
| General note | 4532 10/02/2022 IBS22/00340 02/02/2022 Main Budget |
| 942 ## - ADDED ENTRY ELEMENTS (KOHA) | |
| Koha item type | Books |
| Withdrawn status | Lost status | Damaged status | Not for loan | Location (home branch) | Sublocation or collection (holding branch) | Date acquired | Koha issues (times borrowed) | Koha full call number | Accession No. | Koha date last seen | Koha item type |
|---|---|---|---|---|---|---|---|---|---|---|---|
| VIVEKANANDA LIBRARY | VIVEKANANDA LIBRARY | 11/03/2022 | 1 | 006.31 S16U | 394132 | 24/03/2025 | Books | ||||
| VIVEKANANDA LIBRARY | VIVEKANANDA LIBRARY | 11/03/2022 | 006.31 S16U | 400238 | 17/09/2023 | Books | |||||
| VIVEKANANDA LIBRARY | VIVEKANANDA LIBRARY | 11/03/2022 | 006.31 S16U | 400239 | 17/09/2023 | Books |
